LDR 00966nam a2200229 i 4500 001 000000073995 003 CaOOAMICUS 005 20260424121821.0 008 070329s1913 it u000 u ita u 040 $aSeMil$bita 100 1 $aGnoli, Domenico,$d<1838-1915>.$0(OLS)http://semarc/name/36725 245 12$aI poeti della Scuola romana (1850-1870) /$cDomenico Gnoli. 260 $aBari :$bLaterza & Figli,$c1913. 300 $aVIII, 326 p. ;$c21 cm. 490 1 $aBiblioteca di cultura moderna 650 4$aLetteratura italiana - Sec. 19. - Scuola romana.$0(OLS)http://semarc/subject/60096 830 0$aBiblioteca di cultura moderna.$0(OLS)http://semarc/title/639 850 $aSeMil 852 $aSeMil$W1$xVenegono$y1$m1O II 3$j270900$B40147$CSeMilBibl$Z2$F40151 $81 996 $6245$aI poeti della Scuola romana (1850-1870)$9(OLS)http://semarc/title/120052 996 $6260$aBari :$bLaterza & Figli$9(OLS)http://semarc/publisher/29663